000 00767nam a2200253Ia 4500
003 OSt
005 20220928115320.0
006 a|||||r|||| 00| 0
007 ta
008 220927b |||||||| |||| 00| 0 eng d
020 _c7100.5709999999999
024 _a105898
037 _b111, 24/02/2010, Better Book Service
_cTextual
040 _aSDCL
_cSDCL
_beng
041 _2eng
_aeng
082 _aL72:4:f3, P1
100 _aMouradian M Maral Ed.
_9443837
245 0 _aParkinson's disease
_b Methods and protocols.
260 _aTotowa
_bHumana Press
_c2001
300 _axi, 317p
_ccm.
650 _aBiophysics
942 _hL72:4:f3, P1
_cTEXL
_2CC
999 _c758952
_d758952